000 00768nab a2200241 u 4500
001 13263
003 HDC
007 cr bn ---aaaaa
008 210212c mydr|nes 0 a may d
040 _aHDC
245 0 _aTugas PBT pantau pengusaha kolam ikan tiada lesen
260 _aMalaysia:
_bUtusan Malaysia,
_c2014
336 _atext
_2rdacontent
337 _acomputer
_2rdamedia
338 _aonline resource
_2rdacarrier
650 _abusiness
_9207
650 _aillegal business
_914045
710 _aUtusan Malaysia
856 _zRequest full-text at [email protected]
942 _2lcc
942 _cNEWS
942 _kNSWC 004423
999 _c10579
_d10579